Football Teams Wojciech Szczęsny Played For - Statistics

General Stats
  • This quiz has been taken 83 times
  • The average score is 4 of 5
Answer Stats
League Years Team % Correct
Italy 2017- Juventus FC
100%
England 2008-2009 Arsenal FC
95%
England 2010-2015 Arsenal FC
95%
Italy 2015-2017 AS Roma
81%
England 2009-2010 Brentford FC
36%
No matching quizzes found
Score Distribution
Percent of People with Each Score
Percentile by Number Answered
Your Score History
You have not taken this quiz